000 00679nam a2200229Ia 4500
003 OSt
005 20220926002628.0
006 a|||||r|||| 00| 0
007 ta
008 220923b |||||||| |||| 00| 0 eng d
037 _cGeneral Book
040 _aRTL
_cRTL
_beng
041 _2eng
_aeng
082 _aY73(P31).4498.N8, M4
245 0 _aSri Lanka the ethnic conflict
_b Myths realities and perspectives
260 _a New Delhi
_bNavrang
_c1984
300 _a277p
_ccm.
490 _aCommittee for Rational Development Publication
650 _aIndian
_9232679
942 _hY73(P31).4498.N8, M4
_cGB
_2CC
999 _c605651
_d605651